|
|
|
|
| LEADER |
00733nam a2200277 4500 |
| 001 |
DLU100110389 |
| 005 |
##2010084 |
| 040 |
# |
# |
|a DLU
|b vie
|
| 041 |
# |
# |
|a eng
|
| 044 |
# |
# |
|a us
|
| 082 |
# |
# |
|a 808.8
|b Lit
|
| 100 |
# |
# |
|a Steinmann, Martin ,
|e ed.
|
| 245 |
# |
# |
|a Literature for writing ;
|b an anthology of major British and America authors /
|c Martin Steinmann, Gerald Willen.
|
| 260 |
# |
# |
|a Belmont, California :
|b Wadsworth Pub. Co.,
|c 1967.
|
| 300 |
# |
# |
|a xxiii, 719 p. ;
|c 27 cm.
|
| 700 |
# |
# |
|a Willen, Gerald ,
|e ed.
|
| 923 |
# |
# |
|a 100/2010
|
| 992 |
# |
# |
|a 0
|
| 994 |
# |
# |
|a DLU
|
| 900 |
# |
# |
|a True
|
| 911 |
# |
# |
|a Lý Thị Hồng Hạnh
|
| 925 |
# |
# |
|a G
|
| 926 |
# |
# |
|a A
|
| 927 |
# |
# |
|a SH
|
| 980 |
# |
# |
|a Thư viện Trường Đại học Đà Lạt
|